| 000 | 01622nam a2200313 a 4500 | ||
|---|---|---|---|
| 001 | 000003016 | ||
| 005 | 20250205124808.0 | ||
| 008 | 090706s2005 dr c 000 0 spa d | ||
| 020 | _a9789993448259 | ||
| 040 |
_aDO-SdBNP _bspa _cBNPHU |
||
| 082 |
_a304.8729307294 _bL925p |
||
| 100 | 1 |
_aLozano, Wilfredo _d1950- _97126 |
|
| 245 | 1 | 3 |
_aLa paradoja de las migraciones : _bel Estado dominicano frente a la inmigración haitiana / _cWilfredo Lozano. |
| 246 | 1 | 0 | _aEstado dominicano frente a la inmigración haitiana |
| 260 |
_aSanto Domingo : _bUNIBE, _bFLACSO, _c2005. |
||
| 300 |
_a283 p. : _bretr. ; _c23 cm. |
||
| 500 | _aIncluye datos biográficos del autor en las solapas | ||
| 500 | _aIncluye índice y apéndice de documentos relacionados migración y el anteproyecto de ley general de migraciones | ||
| 504 | _aBibliografia: p.189-198 | ||
| 505 | 0 | _aSiglas empleadas -- Introducción -- El debate de los noventa -- La nueva ley de migración y sus problemas -- Deportaciones y nuevo orden internacional -- La paradoja de las migraciones -- Bibliografía -- Apéndice de documentos. | |
| 590 | _aInventariado, 2018/VM | ||
| 650 | 4 |
_aMulticulturalismo _zRepública Dominicana. _96005 |
|
| 651 | 4 |
_aRepública Dominicana _xEmigración E Inmigración _zHaití. _95923 |
|
| 651 | 4 |
_aHaití _xEmigración E Inmigración _zRepública Dominicana. _95922 |
|
| 651 | 4 |
_aRepública Dominicana _xRelaciones Exteriores. _92258 |
|
| 710 | 2 | 2 |
_aUniversidad Iberoamericana. _bFacultad Latinoamericana de Ciencias Sociales. _99562 |
| 710 | 2 |
_aServicio Jesuíta de Refugiados y Migrantes _99563 |
|
| 910 | _aJornada de catalogación | ||
| 999 |
_c2848 _d2848 |
||